000 01080cam a2200277 a 4500
999 _c6513
_d6513
001 2157607
003 OSt
005 20200129113823.0
008 990323s1999 enkab i 001 0 eng
010 _a 99026859
020 _a0240515242 (pbk.)
035 _a(DLC) 99026859
040 _aDLC
_cDLC
_dDLC
082 0 0 _a317.33
_221
_bHAR 1999
100 1 _aHart, Colin.
_913375
245 1 0 _aTelevision program making :
_beverything you need to know to get started /
_cColin Hart ; illustrations by Chris Mutter.
260 _aOxford ;
_aBoston, Mass. :
_bFocal Press,
_c1999.
300 _axiii, 256 p. :
_bill., maps ;
_c24 cm.
500 _aIncludes index.
650 0 _aTelevision
_xVocational guidance.
_913376
856 4 1 _3Table of contents
_uhttp://www.loc.gov/catdir/toc/els033/99026859.html
856 4 2 _3Publisher description
_uhttp://www.loc.gov/catdir/description/els033/99026859.html
906 _a7
_bcbc
_corignew
_d1
_eocip
_f19
_gy-gencatlg
942 _2ddc
_cO_SHELF